Представление документа в формате RUSMARC

ПолеНазваниеЗначение
  Тип записи a
  Библиографический уровень m
001 Контрольный номер RU/SLIB/B/208756587
005 Дата корректировки 20201206204155.6
010 Индекс ISBN __
d Цена 11-10
101 Язык документа __
a Язык текста eng
200 Заглавие и сведения об ответственности __
a Заглавие The Tretyakov Gallery. Moscow: Painting
e Сведения, относящиеся к заглавию альбом
b Общее обозначение материала Текст
210 Выходные данные __
a Место издания СПб.
c Издательство Аврора
d Дата издания 1980
215 Физическое описание __
a Объем 328 с.
517 Другие варианты заглавия __
a Другие варианты заглавия Государственная Третьяковская Галерея. Москва: Живопись
601 Наименование организации как предмет __
a Наименование организации как предмет Государственная Третьяковская Галерея
606 Тематические рубрики __
a Основная рубрика Изобразительное искусство и архитектура
606 Тематические рубрики __
a Основная рубрика История живописи
610 Ключевые слова __
a Ключевые слова западноевропейская живопись; рисунки; произведения искусства; картины; музеи; история живописи; персоналии; художники
686 Индексы других классификаций __
a Классификационный индекс 85.143(4)л6
801 Источник записи _0
a Страна RU
b Организация Муниципальное бюджетное учреждение культуры "Централизованная библиотечная система" г. Сургут (Центральная городская библиотека им. А. С. Пушкина)
g Правила каталогизации КиК/Нещерет
801 Источник записи _1
a Страна RU
b Организация Муниципальное бюджетное учреждение культуры "Централизованная библиотечная система" г. Сургут (Центральная городская библиотека им. А. С. Пушкина)
g Правила каталогизации КиК/Нещерет
852 Данные о местонахождении __
j Шифр хранения 85.143(4)л6
c Каталожный индекс 85.143(3)л6
i Авторский знак T 84
p Инвентарный номер 8449
901 Тип документа __
t Тип документа m
969 Тип издания __
a Тип издания альбом
990 Данные о заказе (DOS) __
j Количество экземпляров (DOS) 1